[Event "Cattolica Primavera op"]
[Site "Cattolica"]
[Date "2022.03.20"]
[Round "8"]
[White "Mirri, Pietro"]
[Black "Bettalli, Francesco"]
[Result "1/2-1/2"]
[WhiteElo "2119"]
[BlackElo "2317"]
[PlyCount "45"]
[EventDate "2022.03.16"]
[EventType "swiss"]
[EventRounds "9"]
[EventCountry "ITA"]
[SourceTitle "CBM 207 Extra"]
[Source "ChessBase"]
[SourceDate "2022.05.31"]
[SourceVersion "1"]
[SourceVersionDate "2022.05.31"]
[SourceQuality "1"]

1. d4 Nf6 2. c4 g6 3. Nc3 d5 4. cxd5 Nxd5 5. Bd2 Nb6 6. Nf3 Nc6 7. Bg5 Bg7 8. e3 0-0 9. Bb5 Rb8 10. 0-0 h6 11. Bh4 g5 12. Bg3 Bg4 13. Be2 e6 14. h3 Bh5 15. Ne5 Bxe2 16. Qxe2 Ne7 17. Rad1 f5 18. f4 Nbd5 19. Nxd5 Nxd5 20. fxg5 hxg5 21. e4 Ne7 22. Qc4 Qd6 23. Ng6 1/2-1/2

[Event "Barcelona Sants op 21st"]
[Site "Barcelona"]
[Date "2019.08.29"]
[Round "7"]
[White "Mirri, Pietro"]
[Black "Martinez Romero, Martin"]
[Result "0-1"]
[WhiteElo "2194"]
[BlackElo "2418"]
[PlyCount "80"]
[EventDate "2019.08.23"]
[EventType "swiss"]
[EventRounds "10"]
[EventCountry "ESP"]
[SourceTitle "EXT 2020"]
[Source "ChessBase"]
[SourceDate "2019.10.17"]
[SourceVersion "1"]
[SourceVersionDate "2019.10.17"]
[SourceQuality "1"]

1. d4 Nf6 2. c4 e6 3. Nf3 b6 4. g3 Bb7 5. Bg2 c5 6. e3 cxd4 7. exd4 d6 8. 0-0 Be7 9. Bg5 0-0 10. Nbd2 Nbd7 11. Re1 Rc8 12. Rc1 Rc7 13. h3 b5 14. b3 a6 15. Nh4 h6 16. Be3 Bxg2 17. Nxg2 bxc4 18. bxc4 Qa8 19. Nf4 Rfc8 20. Qe2 Nb6 21. d5 Nbxd5 22. Nxd5 Nxd5 23. Bd4 Nf6 24. Rb1 e5 25. Bb2 Nd7 26. Ba3 Nc5 27. Rb6 Na4 28. Rb3 Qc6 29. Qe4 Qd7 30. Rd3 Qe6 31. g4 Nb6 32. Rd1 Nxc4 33. Nxc4 Rxc4 34. Qb7 R4c6 35. Rd5 Bf8 36. Ra5 Qxa2 37. Rxa6 Rxa6 38. Qxa6 Rc3 39. Rxd6 Rxa3 40. Qc8 Ra8 0-1

[Event "EU-ch U18"]
[Site "Bratislava"]
[Date "2019.08.08"]
[Round "7"]
[White "Garayev, Kanan Farzali Oglu"]
[Black "Mirri, Pietro"]
[Result "1-0"]
[WhiteElo "2341"]
[BlackElo "2194"]
[PlyCount "63"]
[EventDate "2019.08.02"]
[EventType "swiss"]
[EventRounds "9"]
[EventCountry "SVK"]
[SourceTitle "CBM 191 Extra"]
[Source "ChessBase"]
[SourceDate "2019.09.30"]
[SourceVersion "1"]
[SourceVersionDate "2019.09.30"]
[SourceQuality "1"]

1. d4 d5 2. Nf3 Nf6 3. Bf4 e6 4. e3 c5 5. c3 Nc6 6. Nbd2 Bd6 7. Bg3 0-0 8. Bb5 a6 9. Bxc6 bxc6 10. Qa4 Bxg3 11. hxg3 Qb6 12. Qa3 Rb8 13. Rb1 Nd7 14. 0-0 Re8 15. Nb3 c4 16. Nbd2 Qc7 17. b3 cxb3 18. Nxb3 f6 19. Rfc1 Nb6 20. Nfd2 e5 21. Nc5 Qa7 22. Qa5 Bf5 23. Rb4 Nd7 24. Nxd7 Qxd7 25. Nb3 Be4 26. Qxa6 Ra8 27. Qe2 exd4 28. cxd4 Ra3 29. Nc5 Qa7 30. Rb7 Qa8 31. Qg4 Bg6 32. Qd7 1-0

[Event "EU-ch U18"]
[Site "Bratislava"]
[Date "2019.08.05"]
[Round "4"]
[White "Mirri, Pietro"]
[Black "Parkhov, Yair"]
[Result "0-1"]
[WhiteElo "2194"]
[BlackElo "2355"]
[PlyCount "118"]
[EventDate "2019.08.02"]
[EventType "swiss"]
[EventRounds "9"]
[EventCountry "SVK"]
[SourceTitle "CBM 191 Extra"]
[Source "ChessBase"]
[SourceDate "2019.09.30"]
[SourceVersion "1"]
[SourceVersionDate "2019.09.30"]
[SourceQuality "1"]

1. d4 d5 2. c4 c6 3. Nf3 Nf6 4. g3 Bg4 5. Bg2 e6 6. 0-0 Nbd7 7. b3 Be7 8. Bb2 0-0 9. Nc3 h6 10. Re1 Qa5 11. a3 Rad8 12. b4 Qc7 13. Qb3 Nb6 14. Ne5 Bf5 15. e4 dxe4 16. Nxe4 Nbd7 17. f4 Nxe4 18. Bxe4 Bxe4 19. Rxe4 b5 20. Rc1 Nxe5 21. fxe5 Qb7 22. Ree1 Rd7 23. Qf3 a5 24. bxa5 bxc4 25. Re2 Ra8 26. Qc3 c5 27. Qxc4 Rxa5 28. Bc3 Rxa3 29. dxc5 Qc6 30. Bb4 Rad3 31. Qe4 Rd1+ 32. Rxd1 Rxd1+ 33. Kg2 Qxe4+ 34. Rxe4 Rc1 35. h4 Bxc5 36. Bxc5 Rxc5 37. Kf3 h5 38. Kf4 Kh7 39. Ra4 Kg6 40. Re4 Rc1 41. Ra4 Rf1+ 42. Ke4 Rb1 43. Kf4 Rb3 44. Rc4 f6 45. exf6 gxf6 46. Rc8 e5+ 47. Ke4 Kf7 48. Rc7+ Ke6 49. Rc6+ Ke7 50. Rc7+ Kd6 51. Rg7 Ke6 52. Rg6 Ra3 53. g4 Ra4+ 54. Kf3 Rxg4 55. Rxg4 hxg4+ 56. Kxg4 Kf7 57. Kf5 Kg7 58. h5 Kh6 59. Kxf6 e4 0-1

[Event "EU-ch U18"]
[Site "Bratislava"]
[Date "2019.08.02"]
[Round "1"]
[White "Pechac, Jergus"]
[Black "Mirri, Pietro"]
[Result "1-0"]
[WhiteElo "2471"]
[BlackElo "2194"]
[PlyCount "117"]
[EventDate "2019.08.02"]
[EventType "swiss"]
[EventRounds "9"]
[EventCountry "SVK"]
[SourceTitle "CBM 191 Extra"]
[Source "ChessBase"]
[SourceDate "2019.09.30"]
[SourceVersion "1"]
[SourceVersionDate "2019.09.30"]
[SourceQuality "1"]

1. d4 d5 2. c4 c6 3. Nf3 Nf6 4. e3 e6 5. Bd3 Nbd7 6. 0-0 dxc4 7. Bxc4 b5 8. Bd3 a6 9. a4 Bb7 10. e4 b4 11. Nbd2 c5 12. e5 Nd5 13. Ne4 cxd4 14. Bb1 Qb6 15. a5 Qa7 16. Kh1 h6 17. Nxd4 Nxe5 18. Be3 Qb8 19. Qa4+ Nd7 20. Nb3 Nxe3 21. fxe3 Qc7 22. Rc1 Qe5 23. Nec5 Bxc5 24. Nxc5 Bc8 25. Be4 0-0 26. Bxa8 Nxc5 27. Qc2 Nd7 28. Qd2 Nc5 29. Qc2 Nd7 30. Ra4 Nf6 31. Rxb4 Bd7 32. Bb7 Qxa5 33. Rc4 Qb6 34. Bc6 Qxe3 35. Qc3 Qa7 36. Bxd7 Qxd7 37. Rc8 Nd5 38. Rxf8+ Kxf8 39. Qa3+ Kg8 40. Qxa6 Qe7 41. Qc4 Qg5 42. Rb1 Qf5 43. Rf1 Qe5 44. b4 Ne3 45. Qf4 Qc3 46. Qxf7+ Kh7 47. Qf3 Qc4 48. Re1 Ng4 49. b5 Qb4 50. Rd1 h5 51. h3 Nf6 52. Qd3+ Kg8 53. Rb1 Qf4 54. Qf3 Qc4 55. b6 Qc2 56. Qb3 Qc8 57. b7 Qb8 58. Qxe6+ Kh7 59. Qc8 1-0

[Event "Cesenatico op-A 20th"]
[Site "Cesenatico"]
[Date "2016.09.10"]
[Round "8"]
[White "Mrdja, Milan"]
[Black "Mirri, Pietro"]
[Result "1-0"]
[WhiteElo "2316"]
[BlackElo "1896"]
[PlyCount "89"]
[EventDate "2016.09.03"]
[EventType "swiss"]
[EventRounds "9"]
[EventCountry "ITA"]
[SourceTitle "EXT 2024"]
[Source "ChessBase"]
[SourceDate "2023.10.10"]
[SourceVersion "1"]
[SourceVersionDate "2023.10.10"]
[SourceQuality "1"]

1. e4 e6 2. d3 d5 3. Nd2 g6 4. Ngf3 Bg7 5. Be2 Nf6 6. 0-0 0-0 7. c3 c5 8. Re1 Nc6 9. Bf1 b5 10. h3 b4 11. cxb4 cxb4 12. e5 Nd7 13. d4 f6 14. exf6 Nxf6 15. Nb3 Ne4 16. Be3 Re8 17. Rc1 Na5 18. Nbd2 Nd6 19. Bf4 Nab7 20. Ne5 Bd7 21. Ndf3 Rc8 22. Qd2 Rxc1 23. Rxc1 a5 24. Bd3 Bb5 25. Bg5 Bf6 26. Bxb5 Bxg5 27. Nxg5 Nxb5 28. h4 N7d6 29. g3 Qf6 30. Ng4 Qg7 31. Nf3 Ne4 32. Qd3 Nbd6 33. Nfe5 h5 34. Nh2 Rf8 35. Rc2 Nf5 36. Nhf3 Kh7 37. Rc6 Re8 38. Kg2 Re7 39. Ra6 Rc7 40. Rxe6 Ne7 41. Ng5+ Nxg5 42. hxg5 Rc8 43. Rf6 Rf8 44. Qa6 Qg8 45. Qxa5 1-0

[Event "Mare di Fano op 5th"]
[Site "Fano"]
[Date "2016.08.06"]
[Round "9"]
[White "Mirri, Pietro"]
[Black "Esposti, Federico"]
[Result "1/2-1/2"]
[WhiteElo "2011"]
[BlackElo "2063"]
[PlyCount "65"]
[EventDate "2016.07.30"]
[EventType "swiss"]
[EventRounds "9"]
[EventCountry "ITA"]
[SourceTitle "CBM 173 Extra"]
[Source "ChessBase"]
[SourceDate "2016.08.29"]
[SourceVersion "1"]
[SourceVersionDate "2016.08.29"]
[SourceQuality "1"]

1. d4 d5 2. c4 c6 3. Nf3 Nf6 4. Qc2 dxc4 5. Qxc4 Bf5 6. g3 e6 7. Bg2 Be7 8. 0-0 0-0 9. Nc3 Nbd7 10. Qb3 Qb6 11. Qxb6 Nxb6 12. Re1 Ne4 13. Ne5 Nxc3 14. bxc3 f6 15. Nd3 Nc4 16. e4 Bg6 17. Rb1 Rab8 18. Bf4 Bd6 19. Bxd6 Nxd6 20. Nf4 e5 21. Nxg6 hxg6 22. Rbd1 Rbd8 23. dxe5 fxe5 24. Rd3 Nf7 25. Red1 Rxd3 26. Rxd3 Rd8 27. Rxd8+ Nxd8 28. Kf1 Kf7 29. Ke2 Ke6 30. Kd3 g5 31. Ke3 Kf6 32. Bf1 Ne6 33. f3 1/2-1/2

[Event "Mare di Fano op 5th"]
[Site "Fano"]
[Date "2016.08.05"]
[Round "8"]
[White "Tamin, Upi Darmayana"]
[Black "Mirri, Pietro"]
[Result "0-1"]
[WhiteElo "2033"]
[BlackElo "2011"]
[PlyCount "94"]
[EventDate "2016.07.30"]
[EventType "swiss"]
[EventRounds "9"]
[EventCountry "ITA"]
[SourceTitle "CBM 173 Extra"]
[Source "ChessBase"]
[SourceDate "2016.08.29"]
[SourceVersion "1"]
[SourceVersionDate "2016.08.29"]
[SourceQuality "1"]

1. e4 e6 2. d4 d5 3. Nc3 Nf6 4. e5 Nfd7 5. f4 c5 6. Nf3 Nc6 7. Be3 cxd4 8. Nxd4 Bc5 9. Qd2 0-0 10. 0-0-0 a6 11. g4 Nxd4 12. Bxd4 b5 13. h4 b4 14. Ne2 a5 15. Ng3 a4 16. Bb5 Bxd4 17. Qxd4 Qa5 18. Bxd7 Bxd7 19. f5 Rfc8 20. Rh2 b3 21. a3 Rxc2+ 22. Rxc2 bxc2 23. Kxc2 Rc8+ 24. Kb1 Rc4 25. Qe3 Rxg4 26. f6 gxf6 27. Nh5 Rg2 28. Nxf6+ Kh8 29. Qh6 Rg7 30. Nh5 Rg6 31. Qf8+ Rg8 32. Qxf7 Qd8 33. Nf6 Rg7 34. Qh5 Bb5 35. Rd4 Qc8 36. Rd1 Bc4 37. Qh6 Qb8 38. Qf4 Qb3 39. Qd4 Rg2 40. Rd2 Qa2+ 41. Kc2 Rg3 42. Rh2 Bb3+ 43. Kd2 Qb1 44. Ke2 Qc2+ 45. Qd2 Bc4+ 46. Kf2 Qxd2+ 47. Kxg3 Qe3+ 0-1

[Event "EU-ch U14 25th"]
[Site "Porec"]
[Date "2015.09.25"]
[Round "5"]
[White "Mirri, Pietro"]
[Black "Hallman, Valo"]
[Result "0-1"]
[WhiteElo "1887"]
[BlackElo "2013"]
[PlyCount "42"]
[EventDate "2015.09.21"]
[EventType "swiss"]
[EventRounds "9"]
[EventCountry "CRO"]
[SourceTitle "EXT 2016"]
[Source "ChessBase"]
[SourceDate "2015.10.08"]
[SourceVersion "1"]
[SourceVersionDate "2015.10.08"]
[SourceQuality "1"]

1. d4 d5 2. c4 e5 3. dxe5 d4 4. Nf3 Nc6 5. g3 Nge7 6. Bg2 Ng6 7. 0-0 Ngxe5 8. Nxe5 Nxe5 9. Qc2 Be7 10. Rd1 0-0 11. c5 d3 12. exd3 Bg4 13. Rd2 Nf3+ 14. Bxf3 Bxf3 15. Qc4 Re8 16. Rc2 Bxc5 17. Bd2 Bb6 18. Nc3 Qd7 19. Qf4 Qxd3 20. Rac1 Re6 21. Be3 Rxe3 0-1

[Event "EU-ch U14 25th"]
[Site "Porec"]
[Date "2015.09.24"]
[Round "4"]
[White "Ivic, Velimir"]
[Black "Mirri, Pietro"]
[Result "0-1"]
[WhiteElo "2326"]
[BlackElo "1887"]
[PlyCount "56"]
[EventDate "2015.09.21"]
[EventType "swiss"]
[EventRounds "9"]
[EventCountry "CRO"]
[SourceTitle "EXT 2016"]
[Source "ChessBase"]
[SourceDate "2015.10.08"]
[SourceVersion "1"]
[SourceVersionDate "2015.10.08"]
[SourceQuality "1"]

1. e4 e6 2. d4 d5 3. e5 c5 4. c3 Qb6 5. Nf3 Nc6 6. Bd3 cxd4 7. cxd4 Bd7 8. 0-0 Nxd4 9. Nbd2 Bc5 10. b4 Qxb4 11. Nxd4 Bxd4 12. Rb1 Qc3 13. Nf3 Bb6 14. Rb3 Qa5 15. Ng5 Nh6 16. Qf3 Qa4 17. Qh3 Bc6 18. Qh5 0-0-0 19. Ba3 Bc7 20. Rc1 Qf4 21. Bb2 d4 22. Rc5 Rd5 23. Bc1 Qxe5 24. f4 Qe1+ 25. Bf1 Rxc5 26. Bb2 Rc2 27. Nf3 Qf2+ 28. Kh1 Qxf1+ 0-1

[Event "ITA-ch U14"]
[Site "Tarvisio"]
[Date "2014.06.30"]
[Round "3"]
[White "Mirri, Pietro"]
[Black "Carnicelli, Valerio"]
[Result "1/2-1/2"]
[WhiteElo "1718"]
[BlackElo "2137"]
[PlyCount "100"]
[EventDate "2014.06.29"]
[EventType "swiss"]
[EventRounds "9"]
[EventCountry "ITA"]
[SourceTitle "EXT 2015"]
[Source "ChessBase"]
[SourceDate "2014.11.20"]
[SourceVersion "1"]
[SourceVersionDate "2014.11.20"]
[SourceQuality "1"]

1. d4 d5 2. c4 c6 3. Nf3 Nf6 4. Nc3 e6 5. e3 Nbd7 6. Bd3 dxc4 7. Bxc4 b5 8. Bd3 a6 9. 0-0 c5 10. dxc5 Bxc5 11. e4 b4 12. Ne2 h6 13. Bf4 Bb7 14. Ng3 Qb6 15. Qe2 g5 16. Bd2 g4 17. Ne1 h5 18. e5 h4 19. Ne4 Nxe4 20. Bxe4 0-0-0 21. Nd3 Kb8 22. Bxb7 Qxb7 23. Rac1 h3 24. Ne1 hxg2 25. Nxg2 Ka8 26. Bf4 Ba7 27. Ne3 Bxe3 28. Qxe3 Nb6 29. Rc5 Nd5 30. Qe4 Rd7 31. Rfc1 Nxf4 32. Qxf4 Rhd8 33. Rf1 Rd4 34. Qc1 R4d7 35. Rc4 Kb8 36. Qf4 a5 37. Qxg4 Rd5 38. Qe4 Rg8+ 39. Kh1 Rg5 40. f4 Rg8 41. Rfc1 Rh8 42. Qg2 Rd2 43. Qxb7+ Kxb7 44. Rc7+ Kb8 45. Kg1 Rdxh2 46. Rc8+ Rxc8 47. Rxc8+ Kxc8 48. Kxh2 Kd7 49. Kg3 Kc6 50. Kg4 Kd7 1/2-1/2